Crustáceos: tecnología de cultivo
Uloženo v:
| Hlavní autor: | |
|---|---|
| Médium: | Kniha |
| Jazyk: | španělština |
| Vydáno: |
Madrid
Mundi-Prensa
1994
|
| Vydání: | 2a. ed |
| Témata: | |
| Tagy: |
Přidat tag
Žádné tagy, Buďte první, kdo vytvoří štítek k tomuto záznamu!
|
MARC
| LEADER | 00000nam a2200000 a 4500 | ||
|---|---|---|---|
| 001 | UCM0453 | ||
| 003 | CL-VaPUC | ||
| 008 | 020301e19940000SP |||||||||||||||||spa|d | ||
| 082 | 0 | 4 | |a 639.5 |b BAU |2 21 |
| 100 | 0 | |a Bautista Parejo, Carmen |e author |9 467248 | |
| 245 | 1 | 0 | |a Crustáceos: tecnología de cultivo |
| 250 | |a 2a. ed | ||
| 300 | |a 180 p | ||
| 942 | |c BK | ||
| 945 | |d 20020301 00:00:00 |a cmena | ||
| 260 | |a Madrid |b Mundi-Prensa |c 1994 | ||
| 650 | 7 | |a CRUSTACEOS - CULTIVO |2 CL-VaPUC |9 467249 | |
| 650 | 0 | |a Mariscos |9 259766 | |
| 650 | 0 | |a Acuicultura |9 258883 | |
| 650 | 0 | |a Acuicultura marina |9 261222 | |
| 650 | 0 | |a Langostas (acrídidos) |9 259970 | |
| 650 | 7 | |a LANGOSTINOS |2 CL-VaPUC |9 330644 | |
| 650 | 7 | |a CANGREJOS DE RIO |2 CL-VaPUC |9 261329 | |
| 650 | 0 | |a Enfermedades |9 263059 | |
| 650 | 0 | |a Reproducción |9 269783 | |
| 583 | |a last modification |c 20020301 00:00:00 |k Rodrigo Vera | ||
| 999 | |c 299359 |d 299357 | ||
| 952 | |0 0 |1 0 |4 0 |6 639_500000000000000_BAU_1994 |7 0 |8 CCM |9 355847 |a BIBCUR |b BIBCUR |d 2019-11-21 |i 3794695 |o 639.5 BAU 1994 |p 3794695 |r 2025-04-22 |w 2019-11-21 |y BK_R |k RNT | ||